Statistics for 100 Biggest Cities in Poland

Click here to take the quiz!

General Stats

  • This quiz has been taken 139 times
  • The average score is 40 of 100

Answer Stats

RankPopulationAnswer% Correct
11,794,166Warsaw
100%
6470,805Gdansk
99%
2779,966Krakow
99%
3672,185Lodz
94%
5532,048Poznan
93%
4641,928Wroclaw
93%
11290,553Katowice
92%
7398,255Szczecin
89%
12244,969Gdynia
85%
9338,586Lublin
85%
10296,958Bialystok
80%
8344,091Bydgoszcz
80%
14209,296Radom
75%
15198,613Torun
75%
13217,530Czestochowa
74%
27127,839Opole
74%
30118,582Elblag
73%
19177,049Gliwice
73%
20171,249Olsztyn
72%
16197,586Sosnowiec
72%
22169,756Bielsko-Biala
70%
18193,415Kielce
69%
37106,235Koszalin
67%
32118,268Plock
67%
23163,255Bytom
66%
35107,498Tarnow
66%
6661,903Elk
65%
36106,846Chorzow
64%
3899,106Kalisz
64%
9546,198Kolobrzeg
64%
34108,561Wloclawek
64%
24140,892Zielona Gora
64%
21170,924Zabrze
63%
5171,710Lubin
62%
28126,871Tychy
61%
4872,539Konin
51%
33109,971Walbrzych
51%
6362,785Zamosc
51%
4289,780Slupsk
50%
4972,527Pila
49%
17196,683Rzeszow
47%
6262,844Zory
38%
3998,436Legnica
34%
26136,423Ruda Slaska
33%
6961,135Chelm
30%
25137,128Rybnik
30%
5271,674Inowroclaw
29%
6462,623Pruszkow
29%
29122,589Gorzow Wielkopolski
27%
31118,285Dabrowa Gornicza
21%
5667,570Gniezno
21%
4578,335Jelenia Gora
21%
9645,944Krosno
21%
7259,779Przemysl
21%
5469,639Suwalki
21%
6162,854Leszno
20%
4677,813Siedlce
20%
5567,579Stargard
20%
4483,558Nowy Sacz
19%
8351,656Ostroleka
19%
5072,250Piotrkow Trybunalski
19%
4093,564Grudziadz
18%
6562,573Lomza
18%
4190,368Jaworzno
17%
4774,559Myslowice
17%
5371,560Ostrow Wielkopolski
17%
7459,430Tczew
17%
5966,120Glogow
16%
4388,038Jastrzebie-Zdroj
16%
8253,529Legionowo
15%
9745,353Radomsko
15%
8947,665Skierniewice
15%
6761,756Tarnowskie Gory
15%
7856,008Bedzin
14%
7656,942Biala Podlaska
14%
7160,021Kedzierzyn-Kozle
14%
6063,945Pabianice
14%
9346,965Pulawy
14%
9247,272Starogard Gdanski
14%
9446,360Tarnobrzeg
14%
8848,670Piaseczno
13%
7359,623Stalowa Wola
13%
7756,222Swidnica
13%
8649,099Wejherowo
13%
7556,419Belchatow
12%
7060,075Mielec
12%
5767,404Ostrowiec Swietokrzyski
12%
8154,259Raciborz
12%
5866,270Siemianowice Slaskie
12%
8549,108Swietochlowice
12%
9147,576Wodzislaw Slaski
12%
8748,703Zawiercie
12%
7955,673Zgierz
12%
9845,189Debica
11%
9944,317Otwock
11%
8449,536Rumia
11%
10044,260Skarzysko-Kamienna
11%
9047,638Starachowice
11%
6861,338Tomaszow Mazowiecki
11%
8054,702Piekary Slaskie
10%

Score Distribution

Percentile by Number Answered

Percent of People with Each Score

Your Score History

You have not taken this quiz